[Event "PRO League Group Stage"]
[Site "chess.com INT"]
[Date "2019.02.12"]
[Round "6"]
[White "Tan, Justin2"]
[Black "Tomb, Maroun"]
[Result "1/2-1/2"]
[WhiteTitle "GM"]
[BlackTitle "CM"]
[WhiteElo "2502"]
[BlackElo "2180"]
[WhiteTeam "London Lions"]
[BlackTeam "Montreal Chessbrahs"]
[WhiteFideId "3206882"]
[BlackFideId "5300398"]
[EventDate "2019.01.08"]

1. e4 d6 2. d4 Nf6 3. Nc3 e5 4. Nf3 Nbd7 5. Bc4 Be7 6. a4 c6 7. O-O h6 8. Qe2
Qc7 9. Rd1 Nf8 10. b4 Ng6 11. d5 O-O 12. dxc6 bxc6 13. b5 Bb7 14. Ba3 Nf4 15.
Qf1 Rac8 16. Bb3 Rfd8 17. g3 Ne6 18. bxc6 Bxc6 19. Nd5 Bxd5 20. exd5 Nc5 21. Bb4
Rb8 22. Qc4 Rdc8 23. Bxc5 Qxc5 24. Qe2 Bd8 25. Kg2 Ba5 26. Nh4 g6 27. Nf3 Bc3
28. Rab1 e4 29. Nd2 Bxd2 30. Rxd2 Rb4 31. Re1 Kg7 32. Qa6 Re8 33. Qc6 Rc8 34.
Qa6 h5 35. h3 h4 36. g4 g5 37. Re3 Rc7 38. Qe2 a5 39. Rd1 Re7 40. Kh2 Re8 41.
Qd2 Qc7 42. Rc3 e3 43. Rxe3 Rxe3 44. Qxe3 Rxg4 45. Kh1 Rf4 46. Rg1 Kh6 47. c4
Ne4 48. Rg2 Qe7 49. Kg1 Qf6 50. Bc2 Qa1+ 51. Kh2 Qe5 52. Kg1 Qa1+ 53. Kh2 Qe5
54. Kg1 Qa1+ 1/2-1/2

[Event "PRO League Group Stage"]
[Site "chess.com INT"]
[Date "2019.02.12"]
[Round "6"]
[White "Saric, Ivan"]
[Black "Williams, Simon K"]
[Result "1-0"]
[WhiteTitle "GM"]
[BlackTitle "GM"]
[WhiteElo "2690"]
[BlackElo "2477"]
[WhiteTeam "Montreal Chessbrahs"]
[BlackTeam "London Lions"]
[WhiteFideId "14508150"]
[BlackFideId "404454"]
[EventDate "2019.01.08"]

1. e4 e6 2. d4 d5 3. Nc3 Nf6 4. Bg5 Be7 5. e5 Nfd7 6. h4 c5 7. Bxe7 Qxe7 8. Nb5
O-O 9. Nc7 cxd4 10. Nxa8 f6 11. exf6 Nxf6 12. Nf3 e5 13. c3 Bg4 14. Be2 Bxf3 15.
gxf3 Nc6 16. h5 Rxa8 17. Kf1 Qf7 18. h6 g6 19. Rc1 Nh5 20. c4 Ne7 21. cxd5 Nxd5
22. Bc4 Nhf4 23. Rh4 Rd8 24. Qb3 a6 25. Rxf4 exf4 26. Bxd5 Qxd5 27. Rc8 1-0

[Event "PRO League Group Stage"]
[Site "chess.com INT"]
[Date "2019.02.12"]
[Round "6"]
[White "Hansen, Eric"]
[Black "Harvey, Marcus R"]
[Result "1-0"]
[WhiteTitle "GM"]
[BlackTitle "FM"]
[WhiteElo "2615"]
[BlackElo "2397"]
[WhiteTeam "Montreal Chessbrahs"]
[BlackTeam "London Lions"]
[WhiteFideId "2606771"]
[BlackFideId "400092"]
[EventDate "2019.01.08"]

1. e4 e6 2. d4 d5 3. Nc3 Nf6 4. e5 Nfd7 5. f4 c5 6. Nf3 Nc6 7. Be3 a6 8. Qd2 Qb6
9. Na4 Qb4 10. Qxb4 Nxb4 11. Kd2 b6 12. a3 Nc6 13. g4 h5 14. Bh3 hxg4 15. Bxg4
cxd4 16. Nxd4 Nxd4 17. Bxd4 b5 18. Nc3 Bc5 19. Ne2 Rh4 20. Rag1 Bxd4 21. Nxd4
Nc5 22. Ke3 g6 23. Nf3 Rh8 24. h4 Bd7 25. h5 gxh5 26. Bxh5 Ke7 27. Rg7 Be8 28.
Nd4 Kf8 29. Rgg1 Na4 30. b3 Nb6 31. Bf3 Rxh1 32. Rxh1 Bd7 33. f5 exf5 34. Rh6
Nc8 35. Bxd5 Ra7 36. Rh7 Ne7 37. Bxf7 Bc8 38. e6 Rc7 39. Kf4 Rc5 40. Kg5 f4+ 41.
Kxf4 Nd5+ 42. Ke5 Nc3+ 43. Kf4 Nd5+ 44. Kf3 Rc3+ 45. Kf2 Nf6 46. Rh8+ Kg7 47.
Rh4 Rc5 48. Rf4 a5 49. b4 axb4 50. axb4 Rc3 51. Nf5+ Kf8 52. Ne3 1-0

[Event "PRO League Group Stage"]
[Site "chess.com INT"]
[Date "2019.02.12"]
[Round "6"]
[White "Gulamali, Kazim"]
[Black "Postny, Evgeny"]
[Result "0-1"]
[WhiteTitle "FM"]
[BlackTitle "GM"]
[WhiteElo "2308"]
[BlackElo "2623"]
[WhiteTeam "Miami Champions"]
[BlackTeam "Pittsburgh Pawngrabbers"]
[WhiteFideId "2024764"]
[BlackFideId "2804344"]
[EventDate "2019.01.08"]

1. Nf3 d5 2. g3 c6 3. Bg2 Bg4 4. d4 Nd7 5. O-O e6 6. c4 Ngf6 7. Nc3 Be7 8. h3
Bh5 9. g4 Bg6 10. Ne5 Nxe5 11. dxe5 Nd7 12. cxd5 cxd5 13. f4 Bc5+ 14. e3 h5 15.
f5 Bh7 16. Nxd5 exd5 17. Qxd5 Qc7 18. b4 Bb6 19. e6 Ne5 20. exf7+ Nxf7 21. Qe6+
Kf8 22. f6 g5 23. Bd2 Re8 24. Qb3 hxg4 25. h4 Qg3 0-1

[Event "PRO League Group Stage"]
[Site "chess.com INT"]
[Date "2019.02.12"]
[Round "6"]
[White "Wang, Tianqi"]
[Black "Erenburg, Sergey"]
[Result "0-1"]
[BlackTitle "GM"]
[WhiteElo "2329"]
[BlackElo "2589"]
[WhiteTeam "Miami Champions"]
[BlackTeam "Pittsburgh Pawngrabbers"]
[WhiteFideId "2063824"]
[BlackFideId "2805642"]
[EventDate "2019.01.08"]

1. Nf3 d5 2. c4 e6 3. e3 Nf6 4. b3 Be7 5. Bb2 O-O 6. Be2 b6 7. O-O Bb7 8. d3
Nbd7 9. Nbd2 c5 10. Qc2 Rc8 11. a3 Qc7 12. Rfd1 Rfd8 13. Rac1 Qb8 14. Qb1 h6 15.
Ba1 Ne8 16. b4 cxb4 17. axb4 dxc4 18. Nxc4 Nef6 19. b5 Nd5 20. h3 Bf6 21. Bd4
Ne7 22. Bxf6 Nxf6 23. Qa2 Rc7 24. Qb2 Nf5 25. Nce5 Rdc8 26. Bf1 Nd6 27. d4 Nfe4
28. Rxc7 Qxc7 29. Ra1 Bd5 30. Bd3 Qc3 31. Qxc3 Rxc3 32. Rxa7 Rc1+ 33. Bf1 Nxb5
34. Ra6 Nbc3 35. g4 Ng5 36. Nxg5 Ne2+ 37. Kh2 Rxf1 38. e4 Rxf2+ 39. Kh1 hxg5 40.
exd5 exd5 41. Rxb6 Nxd4 42. Rd6 f6 43. Kg1 Rd2 44. Rd8+ Kh7 45. Nd7 Ne6 46. Re8
Nf4 47. Nf8+ Kh6 48. Re3 d4 49. Rf3 d3 0-1

[Event "PRO League Group Stage"]
[Site "chess.com INT"]
[Date "2019.02.12"]
[Round "6"]
[White "Brattain, Mika"]
[Black "Gao, Rui"]
[Result "1-0"]
[BlackTitle "GM"]
[WhiteElo "2411"]
[BlackElo "2543"]
[WhiteTeam "Pittsburgh Pawngrabbers"]
[BlackTeam "Miami Champions"]
[WhiteFideId "2071142"]
[BlackFideId "8602387"]
[EventDate "2019.01.08"]

1. Nf3 d5 2. d4 Nf6 3. c4 c6 4. Nc3 e6 5. Bg5 dxc4 6. e4 b5 7. e5 h6 8. Bh4 g5
9. Nxg5 hxg5 10. Bxg5 Nbd7 11. g3 Bb7 12. Bg2 Qb6 13. exf6 c5 14. d5 O-O-O 15.
O-O b4 16. Re1 Nb8 17. Qg4 bxc3 18. dxe6 Bxg2 19. e7+ Nd7 20. e8=Q Bc6 21. Qxf7
cxb2 22. Rab1 c3 23. Qb3 Qxb3 24. axb3 Bh6 25. h4 Bxg5 26. Qxg5 Rhe8 27. Qf5 Be4
28. Rxe4 c2 29. Rxe8 c1=Q+ 30. Re1 Qc3 31. f7 Kc7 32. Re7 Qd4 33. f8=Q Rxf8 34.
Qxf8 Qd3 35. Rxd7+ Kxd7 36. Qg7+ 1-0

[Event "PRO League Group Stage"]
[Site "chess.com INT"]
[Date "2019.02.12"]
[Round "6"]
[White "Song, Edward"]
[Black "Iturrizaga Bonelli, Eduardo"]
[Result "1/2-1/2"]
[WhiteTitle "FM"]
[BlackTitle "GM"]
[WhiteElo "2355"]
[BlackElo "2637"]
[WhiteTeam "Pittsburgh Pawngrabbers"]
[BlackTeam "Miami Champions"]
[WhiteFideId "2051192"]
[BlackFideId "3901211"]
[EventDate "2019.01.08"]

1. d4 Nf6 2. c4 e6 3. Nc3 Bb4 4. g3 c5 5. Nf3 Ne4 6. Qd3 cxd4 7. Nxd4 Qa5 8. Nb3
Nxc3 9. Nxa5 Ne4+ 10. Bd2 Bxd2+ 11. Qxd2 Nxd2 12. Kxd2 Nc6 13. Nxc6 dxc6 14. Bg2
e5 15. Kc3 Ke7 16. Rhd1 Be6 17. Rd2 g5 18. Rh1 f5 19. h4 h6 20. hxg5 hxg5 21.
Rdd1 a5 22. b3 g4 23. Rxh8 Rxh8 24. Rh1 Rd8 25. Kc2 Bf7 26. Rh6 Rg8 27. e3 Bg6
28. Kc3 Kf6 29. Bf1 Rd8 30. Be2 Kg5 31. Rh4 Bh5 32. Rh1 Bg6 33. Rh4 b6 34. a3
Rf8 35. Bd3 Bh5 36. Rh1 Bg6 37. Rh4 Bh5 38. Rh1 c5 39. Bc2 Bg6 40. Rh4 Rd8 41.
Rh2 Kf6 42. Rh1 Ke7 43. Rh6 Kf7 44. Rh4 Kg7 45. Rh1 Kf6 46. Rh6 Kg5 47. Rh4 Rf8
48. Bd3 Be8 49. Rh7 Bf7 50. Rh1 Be6 51. Rh7 Bf7 52. Rh1 Bg8 53. Rh8 Rd8 54. Bc2
Kg6 55. Bd3 Rf8 56. Bc2 Re8 57. Bd3 Rd8 58. Bc2 Rf8 59. Bd3 Kg7 60. Rh5 Be6 61.
Bc2 Rf6 62. Bd3 Rf7 63. Bc2 Rf8 64. Bd3 Kg6 65. Rh4 Kg5 66. Rh7 Bf7 67. Rh1 Rd8
68. Rh7 Rf8 69. Rh1 Bg8 70. Rh8 Rd8 71. Bc2 Re8 72. Bd3 Rf8 73. Bc2 e4 74. a4
Kg6 75. Rh1 Rd8 76. Rh8 Kg7 77. Rh1 Be6 78. Rh2 Rd7 79. Rh1 Rd8 80. Rh2 Kf6 81.
Rh6+ Ke5 82. Rh7 Rd7 83. Rxd7 Bxd7 84. Bd1 Be6 85. Be2 1/2-1/2

[Event "PRO League Group Stage"]
[Site "chess.com INT"]
[Date "2019.02.12"]
[Round "6"]
[White "Sevian, Samuel"]
[Black "Theodorou, Nikolas"]
[Result "0-1"]
[WhiteTitle "GM"]
[BlackTitle "IM"]
[WhiteElo "2647"]
[BlackElo "2552"]
[WhiteTeam "Montclair Sopranos"]
[BlackTeam "Saint Louis Arch Bishops"]
[WhiteFideId "2040506"]
[BlackFideId "4262875"]
[EventDate "2019.01.08"]

1. c4 Nf6 2. Nc3 g6 3. e4 d6 4. d4 Bg7 5. f3 O-O 6. Be3 c5 7. d5 e6 8. Qd2 exd5
9. cxd5 a6 10. a4 Re8 11. Nge2 Nbd7 12. Ng3 h5 13. Bg5 Qa5 14. Rc1 Nh7 15. Bh6
h4 16. Bxg7 Kxg7 17. Be2 hxg3 18. hxg3 Ndf8 19. g4 Qd8 20. Qh6+ Kg8 21. f4 Qf6
22. g3 Qg7 23. Qh2 Nf6 24. e5 dxe5 25. g5 Ng4 26. Qh4 exf4 27. gxf4 Ne3 28. Rh2
Bg4 29. Kf2 Bxe2 30. Nxe2 Nf5 31. Qg4 Qxb2 32. Rch1 Qxe2+ 33. Qxe2 Rxe2+ 34.
Kxe2 Ng3+ 35. Kd3 Nxh1 36. Rxh1 b5 37. Rc1 Nd7 0-1

[Event "PRO League Group Stage"]
[Site "chess.com INT"]
[Date "2019.02.12"]
[Round "6"]
[White "Charbonneau, Pascal"]
[Black "Bloomer, Josh"]
[Result "1-0"]
[WhiteTitle "GM"]
[WhiteElo "2505"]
[BlackElo "1950"]
[WhiteTeam "Montclair Sopranos"]
[BlackTeam "Saint Louis Arch Bishops"]
[WhiteFideId "2602504"]
[BlackFideId "2020416"]
[EventDate "2019.01.08"]

1. c4 e5 2. Nc3 Nf6 3. g3 d5 4. cxd5 Nxd5 5. Nf3 Nc6 6. Bg2 Nb6 7. O-O Be7 8. a3
a5 9. d3 O-O 10. Be3 Be6 11. Rc1 f5 12. Na4 f4 13. Bc5 Bd6 14. Bxb6 cxb6 15. Nc3
h6 16. Ne4 Bc7 17. Qa4 Qd7 18. Rfd1 Qf7 19. Rc3 Bd5 20. Rdc1 Rac8 21. e3 Qh5 22.
Nh4 f3 23. Bh3 Ra8 24. Bg4 Qf7 25. Bxf3 Rad8 26. Bg2 g5 27. Nf3 Qh5 28. Nfd2 Qe2
29. Qd1 Qxd1+ 30. Rxd1 b5 31. Rc5 Be6 32. Rxb5 Rxd3 33. Nc5 Rd6 34. Nxe6 Rxe6
35. Bd5 Re8 36. Rxb7 Bd6 1-0

[Event "PRO League Group Stage"]
[Site "chess.com INT"]
[Date "2019.02.12"]
[Round "6"]
[White "Caruana, Fabiano"]
[Black "Checa, Nicolas"]
[Result "0-1"]
[WhiteTitle "GM"]
[BlackTitle "IM"]
[WhiteElo "2828"]
[BlackElo "2508"]
[WhiteTeam "Saint Louis Arch Bishops"]
[BlackTeam "Montclair Sopranos"]
[WhiteFideId "2020009"]
[BlackFideId "2069342"]
[EventDate "2019.01.08"]

1. e4 e6 2. d4 d5 3. Nc3 Bb4 4. e5 Ne7 5. a3 Bxc3+ 6. bxc3 c5 7. h4 Qc7 8. h5 h6
9. Nf3 b6 10. Bb5+ Bd7 11. Bd3 Ba4 12. O-O c4 13. Be2 Nbc6 14. Nh4 O-O-O 15. Bg4
Qd7 16. Bh3 Rdg8 17. Re1 g5 18. hxg6 fxg6 19. g4 g5 20. Ng2 Ng6 21. Be3 Qh7 22.
Ra2 Rf8 23. Rf1 Kd7 24. f3 Nce7 25. Kf2 Rf7 26. Ke2 Rhf8 27. Qb1 Nc6 28. Rf2
Nf4+ 29. Nxf4 gxf4 30. Bd2 h5 31. g5 Qg6 32. Rg2 Kc7 33. Be1 a5 34. Rb2 Rb8 35.
Qc1 Ne7 36. Kd1 Qd3+ 37. Qd2 Qxf3+ 38. Qe2 Qxh3 39. Rh2 Qg4 0-1

[Event "PRO League Group Stage"]
[Site "chess.com INT"]
[Date "2019.02.12"]
[Round "6"]
[White "So, Wesley"]
[Black "Rohde, Michael"]
[Result "1-0"]
[WhiteTitle "GM"]
[BlackTitle "GM"]
[WhiteElo "2765"]
[BlackElo "2358"]
[WhiteTeam "Saint Louis Arch Bishops"]
[BlackTeam "Montclair Sopranos"]
[WhiteFideId "5202213"]
[BlackFideId "2000172"]
[EventDate "2019.01.08"]

1. d4 Nf6 2. c4 e6 3. Nf3 Bb4+ 4. Nbd2 d5 5. Qa4+ Nc6 6. a3 Bxd2+ 7. Bxd2 Ne4 8.
Bf4 g5 9. Be3 f6 10. g3 Nd6 11. cxd5 exd5 12. Bg2 Nf5 13. O-O Nxe3 14. fxe3 O-O
15. Qb3 Kg7 16. Rf2 Ne7 17. Raf1 h6 18. Nd2 c6 19. e4 Qb6 20. Qe3 dxe4 21. Nxe4
Nd5 22. Qd2 Qc7 23. h4 gxh4 24. gxh4 Bg4 25. Nc5 Rad8 26. e4 Ne7 27. e5 Ng8 28.
exf6+ Kf7 29. Qd3 1-0

[Event "PRO League Group Stage"]
[Site "chess.com INT"]
[Date "2019.02.12"]
[Round "6"]
[White "Grabinsky, Joshua"]
[Black "Moranda, Wojciech"]
[Result "0-1"]
[WhiteTitle "CM"]
[BlackTitle "GM"]
[WhiteElo "2078"]
[BlackElo "2593"]
[WhiteTeam "Webster Windmills"]
[BlackTeam "New York Marshalls"]
[WhiteFideId "30919754"]
[BlackFideId "1122401"]
[EventDate "2019.01.08"]

1. e4 c5 2. Nf3 e6 3. d4 cxd4 4. Nxd4 Nc6 5. c4 Nf6 6. Nc3 Bb4 7. Nxc6 bxc6 8.
Bd3 e5 9. O-O O-O 10. Be3 d6 11. f3 Be6 12. Qc2 Qe7 13. a3 Ba5 14. b4 Bb6 15.
Qf2 Nd7 16. Rac1 Rfc8 17. Na4 Bxe3 18. Qxe3 c5 19. b5 a6 20. Nc3 axb5 21. Nxb5
Nb8 22. f4 f6 23. Ra1 Nc6 24. f5 Bf7 25. Rfb1 Ra5 26. g4 Rca8 27. Kg2 Nd4 28.
Qc1 g5 29. Nc3 Qa7 30. a4 Kg7 31. Qb2 Nc6 32. Qb6 Nb4 33. Qxa7 R8xa7 34. Be2 Nc2
35. Ra2 Ne3+ 36. Kf3 Nxc4 37. Bxc4 Bxc4 38. Rd2 R5a6 39. Rdb2 Bf7 40. Rb7 Kf8
41. Rb8+ Be8 42. Nd5 Kf7 43. R1b7+ Bd7 44. Rxa7 Rxa7 45. Rb6 Bxa4 46. Rxd6 Bd1+
47. Kf2 Bxg4 48. Rxf6+ Kg7 49. Rc6 h5 50. Rxc5 Ra2+ 51. Kg1 Bh3 52. Rc7+ Kf8 53.
Rc3 Rg2+ 54. Kh1 g4 55. Nf6 Rf2 56. Rc1 h4 57. Nh7+ Ke7 58. Ng5 Re2 59. Nxh3
gxh3 60. Kg1 Rg2+ 61. Kh1 Re2 62. Kg1 Rxe4 63. Rc3 Kf6 64. Rxh3 Kxf5 65. Ra3 Re2
66. Ra8 Kg4 67. Ra4+ e4 68. Ra3 e3 69. Kf1 Kf3 70. Ra8 Rxh2 71. Rf8+ Ke4 72.
Re8+ Kf4 73. Rf8+ Kg3 74. Rg8+ Kh3 75. Ke1 Rg2 76. Re8 Rg3 77. Ke2 Kg2 78. Ra8
h3 79. Ra1 h2 80. Rf1 h1=Q 81. Rxh1 Kxh1 82. Kf1 Rg2 83. Ke1 Kg1 84. Kd1 Kf1 85.
Kc1 Rd2 86. Kb1 Ke2 87. Kc1 Kd3 88. Kb1 Kc3 89. Ka1 Kb3 90. Kb1 Rd1# 0-1

[Event "PRO League Group Stage"]
[Site "chess.com INT"]
[Date "2019.02.12"]
[Round "6"]
[White "Shimanov, Aleksandr"]
[Black "Azarov, Sergei"]
[Result "1/2-1/2"]
[WhiteTitle "GM"]
[BlackTitle "GM"]
[WhiteElo "2610"]
[BlackElo "2575"]
[WhiteTeam "Webster Windmills"]
[BlackTeam "New York Marshalls"]
[WhiteFideId "4198603"]
[BlackFideId "13501470"]
[EventDate "2019.01.08"]

1. c4 e6 2. g3 d5 3. Bg2 Nf6 4. Nf3 d4 5. e3 c5 6. exd4 cxd4 7. O-O Nc6 8. d3
Bd6 9. Na3 O-O 10. Nc2 e5 11. b4 a6 12. Re1 Re8 13. a4 Bf5 14. Bg5 h6 15. Bxf6
Qxf6 16. c5 Bf8 17. Nh4 Bh7 18. Rb1 Rac8 19. a5 Rcd8 20. Be4 g6 21. Na3 Qe6 22.
Nc4 Bg7 23. Nf3 g5 24. Qb3 Bxe4 25. dxe4 Bf8 26. Nb6 Kg7 27. Nd2 Qg6 28. Qd3 Kg8
29. Rb3 Re6 30. Nd5 Kg7 31. g4 Ree8 32. Qc4 Qe6 33. h3 Ne7 34. Nxe7 Rxe7 35.
Qxe6 Rxe6 36. Rd3 h5 37. Kg2 h4 38. Rb1 Be7 39. Kf1 Kf8 40. Ke2 Ke8 41. Rdb3 Rc6
42. Nc4 f6 43. Kd3 Kf7 44. Nb2 Ke6 45. Kc4 Rdc8 46. Nd3 R6c7 47. R3b2 Kf7 48.
Kb3 Ke6 49. Rc2 Rc6 50. Ka4 R8c7 51. Rbc1 Rc8 52. b5 axb5+ 53. Kxb5 Ra8 54. Nb4
Rcc8 55. c6 bxc6+ 56. Rxc6+ Rxc6 57. Rxc6+ Kd7 58. Nd3 Rxa5+ 59. Kxa5 Kxc6 1/2-1/2

[Event "PRO League Group Stage"]
[Site "chess.com INT"]
[Date "2019.02.12"]
[Round "6"]
[White "Khamrakulov, Djurabek"]
[Black "Durarbayli, Vasif"]
[Result "0-1"]
[WhiteTitle "GM"]
[BlackTitle "GM"]
[WhiteElo "2503"]
[BlackElo "2620"]
[WhiteTeam "New York Marshalls"]
[BlackTeam "Webster Windmills"]
[WhiteFideId "14201143"]
[BlackFideId "13402935"]
[EventDate "2019.01.08"]

1. e4 e6 2. d4 d5 3. Nd2 c5 4. exd5 Qxd5 5. dxc5 Nf6 6. Ngf3 Nbd7 7. b4 a5 8.
Bc4 Qc6 9. c3 b6 10. Qe2 bxc5 11. b5 Qc7 12. a4 Bd6 13. O-O Bb7 14. Re1 O-O 15.
Nf1 h6 16. Ng3 Rfe8 17. Bd3 e5 18. Ne4 Nxe4 19. Bxe4 Bxe4 20. Qxe4 Nf6 21. Qh4
e4 22. Nd2 Re5 23. g4 Nxg4 24. Nc4 Re6 25. Qxg4 Rg6 26. Qxg6 Bxh2+ 27. Kg2 fxg6
28. Rxe4 Rf8 29. Be3 Bf4 30. Re1 Bxe3 31. R1xe3 g5 32. Ne5 Kh7 33. Rd3 Re8 34.
Rd5 Re6 35. c4 Qe7 36. Nc6 Qe8 37. Rde5 Rxe5 38. Rxe5 Qd7 39. Rxc5 Qg4+ 40. Kf1
Qd1+ 41. Kg2 Qxa4 42. b6 Qb3 43. Rb5 Qxc4 44. Na7 Qe4+ 45. Kg1 a4 46. b7 a3 47.
b8=Q a2 48. Ra5 Qb1+ 0-1

[Event "PRO League Group Stage"]
[Site "chess.com INT"]
[Date "2019.02.12"]
[Round "6"]
[White "Xu, Grant"]
[Black "Robson, Ray"]
[Result "0-1"]
[BlackTitle "GM"]
[WhiteElo "2207"]
[BlackElo "2667"]
[WhiteTeam "New York Marshalls"]
[BlackTeam "Webster Windmills"]
[WhiteFideId "2052318"]
[BlackFideId "2023970"]
[EventDate "2019.01.08"]

1. e4 c5 2. d4 cxd4 3. c3 dxc3 4. Nxc3 Nc6 5. Nf3 d6 6. Bc4 e6 7. O-O Nf6 8. Qe2
a6 9. Rd1 Qc7 10. Bf4 Ne5 11. Bb3 Be7 12. Rac1 Qb8 13. Na4 Nfd7 14. Bxe5 dxe5
15. Rxc8+ Qxc8 16. Rxd7 Qxd7 17. Nb6 Qd8 18. Ba4+ Kf8 19. Nxe5 Rc8 20. Nxc8 Qxc8
21. g3 b5 22. Bb3 Bf6 23. Nd3 g6 24. e5 Be7 25. h4 Kg7 26. h5 Rd8 27. Qf3 Qd7
28. Nf4 Bg5 29. Nh3 Qe7 30. Kg2 Bc1 31. Qc3 Qb7+ 32. Kh2 Bd2 33. Qc5 Rc8 34. Qd4
Bh6 35. g4 Bc1 36. g5 Qf3 37. Bd1 Bxb2 38. h6+ Kg8 39. Qd2 Bxe5+ 40. Kg1 Qxh3 0-1

[Event "PRO League Group Stage"]
[Site "chess.com INT"]
[Date "2019.02.12"]
[Round "6"]
[White "Tan, Justin2"]
[Black "Saric, Ivan"]
[Result "1-0"]
[WhiteTitle "GM"]
[BlackTitle "GM"]
[WhiteElo "2502"]
[BlackElo "2690"]
[WhiteTeam "London Lions"]
[BlackTeam "Montreal Chessbrahs"]
[WhiteFideId "3206882"]
[BlackFideId "14508150"]
[EventDate "2019.01.08"]

1. e4 e5 2. Nf3 Nc6 3. Bb5 a6 4. Ba4 Nf6 5. O-O Be7 6. Re1 b5 7. Bb3 d6 8. c3
O-O 9. h3 Nb8 10. d4 Nbd7 11. Nbd2 c5 12. Nf1 Re8 13. Ng3 Bf8 14. a4 Bb7 15. d5
c4 16. Bc2 Nc5 17. Be3 Nfd7 18. Qd2 Qc7 19. Ra3 bxa4 20. Bxa4 Nxa4 21. Rxa4 a5
22. Rea1 Ba6 23. Rxa5 Bb7 24. Rxa8 Rxa8 25. Qc1 Qc8 26. Nd2 Ra6 27. Rxa6 Bxa6
28. Qa1 Qb7 29. Qa4 Bb5 30. Qa5 g6 31. f3 Be7 32. Ngf1 f5 33. Qa7 Qxa7 34. Bxa7
Bg5 35. Be3 Bd8 36. Nb1 Ba6 37. Na3 Bb6 38. Kf2 f4 39. Bxb6 Nxb6 40. Nd2 Kf7 41.
b4 cxb3 42. Nxb3 Na4 43. c4 Nb2 44. Na5 g5 45. Ke2 h5 46. Kd2 g4 47. hxg4 hxg4
48. Nb5 Ke7 49. Nc6+ Kf6 50. Nxd6 Bxc4 51. Kc3 Bf1 52. Kxb2 Bxg2 53. fxg4 f3 54.
Ne8+ Kf7 55. Nxe5+ Kxe8 56. Nd3 Ke7 57. Kc3 Kf6 58. Kd4 Bf1 59. e5+ Kg5 60. d6
Bxd3 61. Kxd3 Kxg4 62. d7 1-0

[Event "PRO League Group Stage"]
[Site "chess.com INT"]
[Date "2019.02.12"]
[Round "6"]
[White "Edouard, Romain"]
[Black "Hansen, Eric"]
[Result "1-0"]
[WhiteTitle "GM"]
[BlackTitle "GM"]
[WhiteElo "2643"]
[BlackElo "2615"]
[WhiteTeam "London Lions"]
[BlackTeam "Montreal Chessbrahs"]
[WhiteFideId "633429"]
[BlackFideId "2606771"]
[EventDate "2019.01.08"]

1. d4 Nf6 2. c4 g6 3. g3 Bg7 4. Bg2 d5 5. cxd5 Nxd5 6. Nf3 O-O 7. O-O Nc6 8. e4
Nb6 9. d5 Na5 10. Nc3 c6 11. Re1 Nac4 12. Nd4 e6 13. b3 c5 14. Nde2 Nd6 15. Ba3
exd5 16. Bxc5 Bg4 17. Rc1 Rc8 18. Nxd5 Rxc5 19. Rxc5 Nd7 20. Rc1 Ne5 21. Rc3 Nb5
22. Re3 Nc6 23. h3 Be6 24. a4 Na3 25. Qc1 Qa5 26. Nef4 Nb4 27. Qxa3 Nc2 28. Qc1
Nxe1 29. Qxe1 Qc5 30. Nxe6 fxe6 31. Nf4 1-0

[Event "PRO League Group Stage"]
[Site "chess.com INT"]
[Date "2019.02.12"]
[Round "6"]
[White "Noritsyn, Nikolay"]
[Black "Harvey, Marcus R"]
[Result "1/2-1/2"]
[WhiteTitle "IM"]
[BlackTitle "FM"]
[WhiteElo "2484"]
[BlackElo "2397"]
[WhiteTeam "Montreal Chessbrahs"]
[BlackTeam "London Lions"]
[WhiteFideId "2604922"]
[BlackFideId "400092"]
[EventDate "2019.01.08"]

1. e4 e6 2. d4 d5 3. Nc3 Nf6 4. Bg5 dxe4 5. Nxe4 Be7 6. Bxf6 gxf6 7. Nf3 f5 8.
Nc3 a6 9. a4 Nc6 10. Qd2 Nb4 11. Bc4 Qd6 12. O-O-O b5 13. Bb3 Bb7 14. Kb1 Rg8
15. Rhe1 Rxg2 16. Ne5 Nd5 17. Rg1 Bg5 18. Qd3 Nf4 19. Qf1 f6 20. f3 Rxg1 21.
Qxg1 b4 22. Nc4 Qe7 23. Na5 Bxf3 24. Rf1 bxc3 25. Rxf3 cxb2 26. Kxb2 Ne2 27. Qg2
Nxd4 28. Rd3 Rd8 29. h4 Nxb3 30. Nc6 Rxd3 31. Nxe7 Rd2 32. Qc6+ Kxe7 33. hxg5
Nd4 34. Qxc7+ Ke8 35. Qc8+ Kf7 36. Qxa6 fxg5 37. Qb7+ Kg6 38. a5 Rxc2+ 39. Kb1
Rc5 40. Qa7 Rb5+ 41. Kc1 Nb3+ 42. Kc2 Nxa5 43. Qe7 Re5 44. Qe8+ Kh6 45. Qf8+ Kh5
46. Qf7+ Kg4 47. Qxh7 Nc4 48. Kc3 Ne3 49. Qh2 Nd5+ 50. Kd4 Re4+ 51. Kc5 Ne3 52.
Qg1+ Kh5 53. Kd6 g4 54. Ke7 Nd5+ 55. Kf7 f4 56. Qh1+ Kg5 57. Qxe4 f3 58. Qe5+
Kh4 59. Kxe6 Kh3 60. Qxd5 Kh2 61. Qd2+ Kg1 62. Qe1+ Kg2 63. Kf5 f2 64. Qe4+ Kg1
65. Qe3 Kg2 66. Qe4+ Kg1 67. Qxg4+ Kh2 68. Qf4+ Kg2 69. Qg4+ Kh2 70. Qf3 Kg1 71.
Qg3+ Kh1 72. Qf3+ Kg1 73. Qe3 Kg2 74. Qe4+ Kh2 75. Qe2 Kg1 76. Qe3 Kg2 77. Qe4+
Kg1 78. Qd4 Kh1 79. Qd1+ Kg2 80. Qd2 Kh1 81. Kg4 f1=Q 82. Kg3 Qg1+ 83. Kh3 Qf1+
84. Kg3 Qg1+ 85. Kf3 Qf1+ 86. Qf2 Qxf2+ 87. Kxf2 1/2-1/2

[Event "PRO League Group Stage"]
[Site "chess.com INT"]
[Date "2019.02.12"]
[Round "6"]
[White "Tomb, Maroun"]
[Black "Williams, Simon K"]
[Result "0-1"]
[WhiteTitle "CM"]
[BlackTitle "GM"]
[WhiteElo "2180"]
[BlackElo "2477"]
[WhiteTeam "Montreal Chessbrahs"]
[BlackTeam "London Lions"]
[WhiteFideId "5300398"]
[BlackFideId "404454"]
[EventDate "2019.01.08"]

1. e4 e6 2. d4 d5 3. Nd2 Nf6 4. e5 Nfd7 5. f4 c5 6. c3 Nc6 7. Ndf3 Be7 8. a3 f5
9. Bd3 cxd4 10. cxd4 O-O 11. Ne2 Nb6 12. O-O a5 13. b3 Bd7 14. h3 a4 15. b4 Na7
16. g4 Bb5 17. gxf5 exf5 18. Ng3 Qd7 19. Ra2 Rac8 20. Ne1 Rc3 21. Rg2 g6 22. Kh2
Kh8 23. Rfg1 Bh4 24. Bxb5 Nxb5 25. Nf3 Qe7 26. Qe2 Nc4 27. e6 Bxg3+ 28. Rxg3 Rf6
29. Ng5 Rxg3 30. Rxg3 Kg7 31. h4 h6 32. Nf3 Rxe6 33. Ne5 Nxd4 34. Qd3 Qxh4+ 35.
Kg2 Rxe5 36. Qxd4 Kf7 37. Kf3 Qh1+ 38. Rg2 Qf1+ 39. Rf2 Qh3# 0-1